000 00702nas a2200241 4500
001 BR0704563
003 BR-BrBNA
005 20231205111132.0
007 ta
008 230509b bl.|||p| |||| 00| 00por d
040 _aBR-BrBNA
_bpor
_cBiblioteca Nacional de Agricultura
041 _a(Pt)
072 _aP10
100 1 _aMolisani, M.M.
100 1 _aCruz, A.L.V.
100 1 _aMaia, L.P.
245 1 _aEstimativa da desgarga fluvial para os estuários do Ceará, Brasil
650 _aESTUARIO
650 _aCEARÁ
773 0 _tArquivos de Ciências do Mar (Brazil)
_xISSN 0374-5686
_g(2006), v. 39 p. 53-60
_wBR0704563
909 _a202311
_bLúcia
_c55
_dLúcia Elande
942 _2AGRIS
_n0
_cANA
999 _c190882
_d190882